| 000 | 00528nam a2200145Ia 4500 | ||
|---|---|---|---|
| 008 | 220216s9999 xx 000 0 und d | ||
| 100 | _aJoseph S.[a] | ||
| 245 | 0 | _aTransport of aliphatic hydrocarbon liquids through conventionally vulcanised natural rubber filled with different types of silica filler | |
| 260 |
_bM.Tech. Thesis, Cochin University of Science and Technology, Cochin, India, 73 p. _c1995 |
||
| 650 | _aAliphatic hydrocarbon | ||
| 650 | _aFiller | ||
| 650 | _aNatural rubber | ||
| 650 | _aSilica | ||
| 942 | _cBS | ||
| 999 |
_c52565 _d52565 |
||